000 00454nam a2200157 i 4500
001 86043
003 ES-MaACL
005 20230906175349.0
007 t|
008 041207s1945 xxu ||||1| eng d
100 1 _aKent, Louise Andrews.
_967863
245 1 0 _aCountry mouse /
_cLouise Andrews Kent.
260 _aBoston :
_bHougton Mifflin Cambridge,
_c1945 (
_fThe Riverside Press)
300 _a246 p. ;
_c20 cm.
852 _aES-MaACL
_jC-25334
_bR.53749
999 _c86043
_d86043